Economic Change and Restructuring (Record no. 6394)

MARC details
000 -LEADER
fixed length control field 00486nas a22001817i 4500
001 - CONTROL NUMBER
control field 7513
003 - CONTROL NUMBER IDENTIFIER
control field OSt
005 - DATE AND TIME OF LATEST TRANSACTION
control field 20170126082401.0
007 - PHYSICAL DESCRIPTION FIXED FIELD--GENERAL INFORMATION
fixed length control field tu
008 - FIXED-LENGTH DATA ELEMENTS--GENERAL INFORMATION
fixed length control field 161220s xxu||||| |||| 00| 0 d
022 ## - INTERNATIONAL STANDARD SERIAL NUMBER
International Standard Serial Number 1573-9414
024 7# - OTHER STANDARD IDENTIFIER
Standard number or code 7513
Source of number or code RID
024 7# - OTHER STANDARD IDENTIFIER
Standard number or code 7513
Source of number or code RSN (alt)
040 ## - CATALOGING SOURCE
Transcribing agency OSt
245 00 - TITLE STATEMENT
Title Economic Change and Restructuring
Remainder of title Empirical and Policy Research on the Transitional and Emerging Economies
260 ## - PUBLICATION, DISTRIBUTION, ETC.
Place of publication, distribution, etc. New York usw. :
Name of publisher, distributor, etc. Springer.
866 #0 - TEXTUAL HOLDINGS--BASIC BIBLIOGRAPHIC UNIT
-- 38,1(2005) - 39(2006)1-2
942 ## - ADDED ENTRY ELEMENTS (KOHA)
Koha item type Journal
Holdings
Withdrawn status Lost status Damaged status Not for loan Home library Current library Shelving location Date acquired Inventory number Total Checkouts Barcode Date last seen Price effective from Koha item type Serial Enumeration / chronology
        WIIW WIIW Library 01/25/2007 7513   10003486 01/26/2017 01/26/2017 Journal  
        WIIW WIIW Library 11/23/2011 7513   10004247 01/26/2017 01/26/2017 Journal 2011 44/4
        WIIW WIIW Library 01/07/2013 7513   10005285 01/26/2017 01/26/2017 Journal 45.2012,3
The Vienna Instiute for International Economic Studies (wiiw)